[Event "DEM U8 2024"]
[Site "Willingen GER"]
[Date "2024.05.23"]
[Round "3"]
[White "Blum-Barth, Elias"]
[Black "Liu, Peilin"]
[Result "0-1"]
[Termination "normal"]
[Board "13"]
[WhiteElo "1093"]
[BlackElo "1605"]
[WhiteClock "00:45:54"]
[BlackClock "00:23:30"]
[PlyCount "120"]
[BlackFideId "8643792"]
[EventCountry "GER"]
[EventRounds "7"]
[EventType "swiss"]
[EventDate "2024.05.21"]

1. e4 {[%clk 01:00:29]} e5 {[%clk 01:00:28]} {[%emt 00:00:02]} 2. Nf3 {[%clk
01:00:40]} {[%emt 00:00:05]} Nc6 {[%clk 01:00:22]} {[%emt 00:00:21]} 3. Bc4
{[%clk 01:00:49]} {[%emt 00:00:06]} Bc5 {[%clk 00:59:41]} {[%emt 00:00:55]} 4.
c3 {[%clk 01:00:58]} {[%emt 00:00:06]} Nf6 {[%clk 00:59:37]} {[%emt 00:00:18]}
5. d4 {[%clk 01:01:08]} {[%emt 00:00:06]} exd4 {[%clk 00:59:17]} {[%emt
00:00:35]} 6. cxd4 {[%clk 01:01:13]} {[%emt 00:00:11]} Bb4+ {[%clk 00:57:22]}
{[%emt 00:01:28]} 7. Bd2 {[%clk 01:01:25]} {[%emt 00:00:45]} Nxe4 {[%clk
00:57:20]} {[%emt 00:00:16]} 8. Bxb4 {[%clk 01:01:35]} {[%emt 00:00:06]} Nxb4
{[%clk 00:56:57]} {[%emt 00:00:37]} 9. Bxf7+ {[%clk 01:01:42]} {[%emt
00:00:08]} Kxf7 {[%emt 00:00:26]} 10. Qb3+ {[%emt 00:00:10]} Kf8 {[%clk
00:56:03]} {[%emt 00:00:33]} 11. Qxb4+ {[%clk 01:01:43]} {[%emt 00:00:14]} Qe7
{[%clk 00:56:01]} {[%emt 00:00:16]} 12. Qxe7+ {[%clk 01:01:14]} {[%emt
00:00:44]} Kxe7 {[%emt 00:00:11]} 13. Na3 {[%emt 00:00:12]} d5 {[%clk
00:55:22]} {[%emt 00:00:30]} 14. O-O {[%clk 01:00:48]} {[%emt 00:00:42]} Bg4
{[%clk 00:54:53]} {[%emt 00:00:35]} 15. Ne5 {[%clk 01:00:15]} {[%emt 00:00:58]}
Bf5 {[%clk 00:53:13]} {[%emt 00:01:37]} 16. f3 {[%clk 01:00:00]} {[%emt
00:00:48]} Nf6 {[%clk 00:51:49]} {[%emt 00:01:36]} 17. Rfe1 {[%clk 00:59:40]}
{[%emt 00:00:37]} Be6 {[%clk 00:48:42]} {[%emt 00:03:22]} 18. Nd3 {[%clk
00:59:01]} {[%emt 00:00:52]} Rhe8 {[%clk 00:46:34]} {[%emt 00:02:25]} 19. Nb5
{[%clk 00:58:57]} {[%emt 00:00:20]} Kd8 {[%clk 00:44:02]} {[%emt 00:02:34]} 20.
Nc3 {[%clk 00:57:16]} {[%emt 00:02:07]} b6 {[%clk 00:42:58]} {[%emt 00:01:20]}
21. Nf4 {[%clk 00:57:14]} {[%emt 00:00:17]} Kd7 {[%clk 00:42:47]} {[%emt
00:00:20]} 22. Re2 {[%clk 00:57:09]} {[%emt 00:00:27]} Re7 {[%clk 00:40:49]}
{[%emt 00:02:12]} 23. Rae1 {[%clk 00:55:34]} {[%emt 00:01:49]} Rae8 {[%clk
00:40:09]} {[%emt 00:00:52]} 24. Kf2 {[%clk 00:55:16]} {[%emt 00:00:36]} c6
{[%clk 00:39:02]} {[%emt 00:00:39]} 25. h4 {[%clk 00:55:01]} {[%emt 00:01:12]}
Bf7 {[%clk 00:34:17]} {[%emt 00:05:01]} 26. g4 {[%clk 00:54:57]} {[%emt
00:00:19]} Rxe2+ {[%clk 00:34:12]} {[%emt 00:00:21]} 27. Rxe2 {[%clk 00:54:21]}
{[%emt 00:00:52]} Rxe2+ {[%clk 00:33:37]} {[%emt 00:00:49]} 28. Kxe2 {[%clk
00:54:02]} {[%emt 00:00:34]} h6 {[%clk 00:33:08]} {[%emt 00:00:44]} 29. Nh3
{[%clk 00:51:28]} {[%emt 00:02:49]} a5 {[%clk 00:31:39]} {[%emt 00:01:44]} 30.
a4 {[%clk 00:50:55]} {[%emt 00:00:48]} Be6 {[%clk 00:30:04]} {[%emt 00:01:47]}
31. Ke3 {[%clk 00:50:01]} {[%emt 00:01:11]} h5 {[%emt 00:03:24]} 32. Nf4 {[%clk
00:46:32]} {[%emt 00:00:59]} hxg4 {[%clk 00:29:37]} {[%emt 00:00:18]} 33. Nxe6
{[%emt 00:00:19]} Kxe6 {[%emt 00:00:20]} 34. fxg4 {[%clk 00:46:02]} {[%emt
00:00:07]} Nxg4+ {[%emt 00:00:28]} 35. Kf4 {[%emt 00:00:06]} Nf6 {[%clk
00:27:40]} {[%emt 00:01:36]} 36. Kg5 {[%clk 00:46:09]} {[%emt 00:00:08]} Ne4+
{[%clk 00:27:16]} {[%emt 00:00:39]} 37. Nxe4 {[%clk 00:44:15]} {[%emt
00:02:10]} dxe4 {[%clk 00:27:17]} {[%emt 00:00:13]} 38. Kf4 {[%clk 00:44:22]}
{[%emt 00:00:08]} e3 {[%clk 00:27:05]} {[%emt 00:00:27]} 39. Kxe3 {[%clk
00:44:26]} {[%emt 00:00:11]} Kf5 {[%clk 00:27:08]} {[%emt 00:00:12]} 40. Kf3
{[%clk 00:44:28]} {[%emt 00:00:13]} c5 {[%clk 00:26:22]} {[%emt 00:01:01]} 41.
d5 {[%clk 00:44:26]} {[%emt 00:00:17]} Ke5 {[%clk 00:26:23]} {[%emt 00:00:14]}
42. Kg4 {[%clk 00:44:28]} {[%emt 00:00:14]} Kxd5 {[%clk 00:26:17]} {[%emt
00:00:22]} 43. Kf5 {[%clk 00:44:35]} {[%emt 00:00:08]} Kc4 {[%clk 00:25:27]}
{[%emt 00:01:04]} 44. Kg6 {[%clk 00:44:40]} {[%emt 00:00:11]} Kb3 {[%clk
00:24:52]} {[%emt 00:00:50]} 45. Kxg7 {[%clk 00:44:47]} {[%emt 00:00:07]} Kxb2
{[%clk 00:24:58]} {[%emt 00:00:10]} 46. h5 {[%clk 00:44:55]} {[%emt 00:00:07]}
c4 {[%clk 00:25:10]} {[%emt 00:00:03]} 47. h6 {[%clk 00:45:05]} {[%emt
00:00:05]} c3 {[%clk 00:24:59]} {[%emt 00:00:25]} 48. h7 {[%clk 00:45:10]}
{[%emt 00:00:08]} c2 {[%clk 00:25:04]} {[%emt 00:00:11]} 49. h8=Q {[%emt
00:00:19]} c1=Q {[%emt 00:00:18]} 50. Kg6+ {[%clk 00:44:28]} {[%emt 00:00:20]}
Qc3 {[%clk 00:25:08]} {[%emt 00:00:10]} 51. Qh2+ {[%clk 00:44:25]} {[%emt
00:00:19]} Qc2+ {[%clk 00:00:00]} {[%emt 00:00:40]} 52. Qxc2+ {[%clk 00:44:48]}
{[%emt 00:00:33]} Kxc2 {[%clk 00:24:52]} {[%emt 00:00:17]} 53. Kf5 {[%clk
00:44:58]} {[%emt 00:00:06]} Kb3 {[%clk 00:24:53]} {[%emt 00:00:13]} 54. Ke4
{[%clk 00:45:08]} {[%emt 00:00:05]} Kxa4 {[%clk 00:24:55]} {[%emt 00:00:13]}
55. Ke3 {[%clk 00:45:13]} {[%emt 00:00:10]} Kb3 {[%clk 00:24:58]} {[%emt
00:00:12]} 56. Kd3 {[%emt 00:00:09]} a4 {[%clk 00:25:00]} {[%emt 00:00:11]} 57.
Kd2 {[%clk 00:45:30]} {[%emt 00:00:06]} Kb2 {[%clk 00:24:58]} {[%emt 00:00:17]}
58. Kd3 {[%clk 00:45:36]} {[%emt 00:00:08]} a3 {[%clk 00:25:04]} {[%emt
00:00:09]} 59. Kd4 {[%clk 00:45:42]} {[%emt 00:00:09]} a2 {[%clk 00:23:32]}
{[%emt 00:02:17]} 60. Kd3 {[%clk 00:45:54]} {[%emt 00:00:03]} a1=Q {[%clk
00:23:30]} {[%emt 00:00:18]} 0-1

[Event "DEM U8 2024"]
[Site "Willingen GER"]
[Date "2024.05.23"]
[Round "3"]
[White "Liu, Yining"]
[Black "Yarmish, Tymofeii"]
[Result "0-1"]
[Termination "normal"]
[Board "15"]
[WhiteElo "1210"]
[BlackElo "1087"]
[WhiteClock "00:22:01"]
[BlackClock "00:44:42"]
[PlyCount "74"]
[WhiteFideId "8655049"]
[BlackFideId "34691898"]
[EventCountry "GER"]
[EventRounds "7"]
[EventType "swiss"]
[EventDate "2024.05.21"]

1. e4 {[%clk 01:00:29]} Nc6 {[%clk 01:00:23]} {[%emt 00:00:07]} 2. Nf3 {[%clk
01:00:34]} {[%emt 00:00:09]} e5 {[%clk 01:00:25]} {[%emt 00:00:12]} 3. Bc4
{[%clk 01:00:42]} {[%emt 00:00:08]} Be7 {[%clk 01:00:25]} {[%emt 00:00:14]} 4.
Nc3 {[%clk 01:00:43]} {[%emt 00:00:15]} Nf6 {[%clk 01:00:11]} {[%emt 00:00:29]}
5. d3 {[%clk 01:00:48]} {[%emt 00:00:11]} d6 {[%clk 00:59:58]} {[%emt
00:00:27]} 6. h3 {[%clk 01:00:53]} {[%emt 00:00:09]} h6 {[%clk 01:00:03]}
{[%emt 00:00:11]} 7. O-O {[%clk 01:00:57]} {[%emt 00:00:11]} O-O {[%clk
01:00:04]} {[%emt 00:00:14]} 8. Be3 {[%clk 01:01:02]} {[%emt 00:00:10]} a6
{[%clk 00:59:59]} {[%emt 00:00:20]} 9. a3 {[%clk 01:01:09]} {[%emt 00:00:08]}
Be6 {[%clk 00:59:45]} {[%emt 00:00:29]} 10. Bb3 {[%clk 01:00:48]} {[%emt
00:00:36]} Na5 {[%clk 00:59:35]} {[%emt 00:00:25]} 11. Re1 {[%clk 01:00:31]}
{[%emt 00:00:31]} Nxb3 {[%clk 00:59:33]} {[%emt 00:00:17]} 12. cxb3 {[%clk
01:00:39]} {[%emt 00:00:08]} Re8 {[%clk 00:56:54]} {[%emt 00:02:54]} 13. Rc1
{[%clk 01:00:36]} {[%emt 00:00:18]} Qd7 {[%clk 00:55:32]} {[%emt 00:01:37]} 14.
Nd5 {[%clk 01:00:21]} {[%emt 00:00:31]} Nxd5 {[%clk 00:55:19]} {[%emt
00:00:26]} 15. exd5 {[%clk 01:00:29]} {[%emt 00:00:08]} Bxd5 {[%clk 00:55:18]}
{[%emt 00:00:16]} 16. d4 {[%clk 01:00:09]} {[%emt 00:00:35]} exd4 {[%clk
00:53:14]} {[%emt 00:02:19]} 17. Bxd4 {[%clk 00:59:54]} {[%emt 00:00:29]} Bc6
{[%clk 00:52:27]} {[%emt 00:01:03]} 18. Nh2 {[%clk 00:58:49]} {[%emt 00:01:20]}
Qf5 {[%clk 00:51:13]} {[%emt 00:01:30]} 19. Qd2 {[%clk 00:58:12]} {[%emt
00:00:52]} Qd5 {[%clk 00:49:56]} {[%emt 00:01:32]} 20. f3 {[%clk 00:58:04]}
{[%emt 00:00:24]} Qxb3 {[%clk 00:49:11]} {[%emt 00:00:58]} 21. Rc3 {[%clk
00:56:12]} {[%emt 00:02:08]} Qd5 {[%clk 00:48:43]} {[%emt 00:00:43]} 22. Ng4
{[%clk 00:55:32]} {[%emt 00:00:55]} Bg5 {[%clk 00:47:54]} {[%emt 00:01:03]} 23.
Rxe8+ {[%clk 00:54:38]} {[%emt 00:01:10]} Rxe8 {[%clk 00:47:57]} {[%emt
00:00:11]} 24. Qf2 {[%emt 00:02:15]} Bb5 {[%clk 00:46:17]} {[%emt 00:00:01]}
25. f4 {[%clk 00:47:04]} {[%emt 00:07:43]} Re2 {[%clk 00:44:53]} {[%emt
00:01:39]} 26. Qxe2 {[%clk 00:34:11]} {[%emt 00:13:09]} Bxe2 {[%clk 00:44:58]}
{[%emt 00:00:09]} 27. fxg5 {[%clk 00:34:14]} {[%emt 00:00:12]} Qxd4+ {[%clk
00:45:00]} {[%emt 00:00:13]} 28. Kh2 {[%clk 00:33:49]} {[%emt 00:00:39]} Bxg4
{[%clk 00:44:48]} {[%emt 00:00:29]} 29. hxg4 {[%clk 00:33:53]} {[%emt
00:00:12]} Qxg4 {[%clk 00:44:48]} {[%emt 00:00:16]} 30. Rxc7 {[%clk 00:33:30]}
{[%emt 00:00:36]} Qxg5 {[%clk 00:44:48]} {[%emt 00:00:16]} 31. Rxb7 {[%clk
00:33:28]} {[%emt 00:00:18]} d5 {[%clk 00:44:47]} {[%emt 00:00:16]} 32. Ra7
{[%clk 00:33:29]} {[%emt 00:00:14]} d4 {[%clk 00:44:46]} {[%emt 00:00:15]} 33.
Rxa6 {[%clk 00:33:26]} {[%emt 00:00:18]} d3 {[%clk 00:44:53]} {[%emt 00:00:09]}
34. Ra8+ {[%clk 00:31:57]} {[%emt 00:01:44]} Kh7 {[%clk 00:45:00]} {[%emt
00:00:07]} 35. b4 {[%clk 00:24:56]} {[%emt 00:07:17]} d2 {[%clk 00:45:05]}
{[%emt 00:00:09]} 36. Ra5 {[%clk 00:24:25]} {[%emt 00:00:46]} Qh4+ {[%clk
00:45:08]} {[%emt 00:00:12]} 37. Kg1 {[%clk 00:22:01]} {[%emt 00:02:39]} d1=Q#
{[%clk 00:44:42]} {[%emt 00:00:25]} 0-1

[Event "DEM U8 2024"]
[Site "Willingen GER"]
[Date "2024.05.23"]
[Round "3"]
[White "Reese, Oscar"]
[Black "Hobbie, Benjamin"]
[Result "1/2-1/2"]
[Termination "normal"]
[Board "17"]
[WhiteElo "1650"]
[BlackElo "945"]
[WhiteClock "00:31:20"]
[BlackClock "00:40:28"]
[PlyCount "76"]
[WhiteFideId "34644474"]
[BlackFideId "34676589"]
[EventCountry "GER"]
[EventRounds "7"]
[EventType "swiss"]
[EventDate "2024.05.21"]

1. e4 {[%clk 01:00:24]} {[%emt 00:00:04]} e5 {[%clk 01:00:21]} {[%emt
00:00:09]} 2. Nf3 {[%clk 01:00:30]} {[%emt 00:00:09]} Nf6 {[%clk 01:00:22]}
{[%emt 00:00:14]} 3. Nxe5 {[%clk 01:00:07]} {[%emt 00:00:39]} Nc6 {[%clk
01:00:12]} {[%emt 00:00:25]} 4. Nf3 {[%clk 00:59:13]} {[%emt 00:01:08]} d5
{[%clk 00:59:46]} {[%emt 00:00:42]} 5. e5 {[%clk 00:57:41]} {[%emt 00:01:47]}
Nd7 {[%clk 00:59:03]} {[%emt 00:00:58]} 6. d4 {[%clk 00:57:16]} {[%emt
00:00:41]} Nb6 {[%clk 00:58:47]} {[%emt 00:00:32]} 7. c3 {[%clk 00:56:25]}
{[%emt 00:01:05]} Be7 {[%clk 00:58:31]} {[%emt 00:00:30]} 8. Bd3 {[%clk
00:56:25]} {[%emt 00:00:15]} Bg4 {[%clk 00:58:13]} {[%emt 00:00:31]} 9. Qc2
{[%clk 00:55:55]} {[%emt 00:00:49]} Bxf3 {[%clk 00:56:32]} {[%emt 00:01:55]}
10. gxf3 {[%clk 00:55:34]} {[%emt 00:00:35]} Bg5 {[%clk 00:56:28]} {[%emt
00:00:19]} 11. f4 {[%clk 00:55:18]} {[%emt 00:00:33]} Bh6 {[%clk 00:55:30]}
{[%emt 00:01:12]} 12. Be3 {[%clk 00:54:57]} {[%emt 00:00:36]} Qh4 {[%clk
00:55:07]} {[%emt 00:00:35]} 13. Qd2 {[%clk 00:54:25]} {[%emt 00:00:50]} f6
{[%clk 00:54:03]} {[%emt 00:01:18]} 14. exf6 {[%clk 00:50:50]} {[%emt
00:03:52]} Qxf6 {[%clk 00:54:03]} {[%emt 00:00:16]} 15. Na3 {[%clk 00:50:54]}
{[%emt 00:00:10]} a6 {[%clk 00:53:41]} {[%emt 00:00:37]} 16. O-O-O {[%clk
00:50:38]} {[%emt 00:00:30]} O-O-O {[%clk 00:53:34]} {[%emt 00:00:14]} 17. f5
{[%clk 00:49:22]} {[%emt 00:01:40]} Bxe3 {[%clk 00:52:43]} {[%emt 00:01:06]}
18. fxe3 {[%clk 00:48:56]} {[%emt 00:00:40]} Rde8 {[%clk 00:52:42]} {[%emt
00:00:17]} 19. Rhg1 {[%clk 00:48:07]} {[%emt 00:01:02]} Re7 {[%clk 00:52:35]}
{[%emt 00:00:23]} 20. Rde1 {[%clk 00:47:36]} {[%emt 00:00:46]} Rhe8 {[%clk
00:52:15]} {[%emt 00:00:36]} 21. Rg4 {[%clk 00:46:33]} {[%emt 00:01:17]} Qh6
{[%clk 00:51:35]} {[%emt 00:00:56]} 22. Nc2 {[%clk 00:46:08]} {[%emt 00:00:40]}
Na5 {[%clk 00:51:19]} {[%emt 00:00:32]} 23. b3 {[%clk 00:45:15]} {[%emt
00:01:07]} Qd6 {[%clk 00:50:45]} {[%emt 00:00:46]} 24. Kb2 {[%clk 00:43:23]}
{[%emt 00:02:09]} Nc6 {[%clk 00:49:23]} {[%emt 00:01:39]} 25. Qg2 {[%clk
00:40:17]} {[%emt 00:03:19]} Qf6 {[%clk 00:47:43]} {[%emt 00:01:06]} 26. e4
{[%clk 00:38:50]} {[%emt 00:02:31]} dxe4 {[%clk 00:46:59]} {[%emt 00:00:46]}
27. Rgxe4 {[%clk 00:38:41]} {[%emt 00:00:38]} Rxe4 {[%clk 00:45:28]} {[%emt
00:01:46]} 28. Bxe4 {[%clk 00:38:00]} {[%emt 00:00:54]} Kd7 {[%clk 00:43:17]}
{[%emt 00:02:27]} 29. Bxc6+ {[%clk 00:36:51]} {[%emt 00:01:24]} bxc6 {[%clk
00:41:48]} {[%emt 00:01:43]} 30. Rxe8 {[%clk 00:36:36]} {[%emt 00:00:31]} Kxe8
{[%clk 00:41:45]} {[%emt 00:00:18]} 31. Qe4+ {[%clk 00:36:37]} {[%emt
00:00:13]} Kd7 {[%clk 00:40:51]} {[%emt 00:00:10]} 32. Ne3 {[%clk 00:36:47]}
{[%emt 00:01:04]} Qe7 {[%clk 00:40:59]} {[%emt 00:00:09]} 33. Qxe7+ {[%clk
00:36:18]} {[%emt 00:00:43]} Kxe7 {[%clk 00:41:07]} {[%emt 00:00:08]} 34. Kc2
{[%clk 00:36:28]} {[%emt 00:00:05]} Kf6 {[%clk 00:40:58]} {[%emt 00:00:12]} 35.
c4 {[%clk 00:35:43]} {[%emt 00:01:12]} Nc8 {[%clk 00:40:46]} {[%emt 00:00:27]}
36. Kd2 {[%clk 00:32:31]} {[%emt 00:03:26]} Nd6 {[%clk 00:40:30]} {[%emt
00:00:27]} 37. Ke2 {[%clk 00:31:27]} {[%emt 00:01:24]} Nxf5 {[%clk 00:40:28]}
{[%emt 00:00:17]} 38. Nxf5 {[%clk 00:31:20]} {[%emt 00:00:21]} Kxf5 {[%emt
00:11:09]} 1/2-1/2

[Event "DEM U8 2024"]
[Site "Willingen GER"]
[Date "2024.05.23"]
[Round "3"]
[White "Chanishvili, Noa"]
[Black "Shtogrin, Joseph Stephan"]
[Result "1-0"]
[Termination "normal"]
[Board "18"]
[WhiteElo "1106"]
[BlackElo "1251"]
[WhiteClock "00:43:28"]
[BlackClock "00:40:00"]
[PlyCount "77"]
[WhiteFideId "34698264"]
[BlackFideId "34666087"]
[EventCountry "GER"]
[EventRounds "7"]
[EventType "swiss"]
[EventDate "2024.05.21"]

1. e4 {[%clk 01:00:28]} {[%emt 00:00:02]} c6 {[%clk 01:00:23]} {[%emt
00:00:07]} 2. Nf3 {[%clk 01:00:31]} {[%emt 00:00:13]} d5 {[%clk 01:00:32]}
{[%emt 00:00:06]} 3. exd5 {[%clk 01:00:36]} {[%emt 00:00:10]} cxd5 {[%clk
01:00:40]} {[%emt 00:00:07]} 4. d3 {[%clk 00:59:39]} {[%emt 00:01:12]} Nf6
{[%clk 01:00:31]} {[%emt 00:00:25]} 5. Bf4 {[%clk 00:59:30]} {[%emt 00:00:24]}
Nc6 {[%clk 01:00:36]} {[%emt 00:00:11]} 6. Nbd2 {[%clk 00:58:46]} {[%emt
00:00:58]} g6 {[%clk 01:00:21]} {[%emt 00:00:30]} 7. Be2 {[%clk 00:58:16]}
{[%emt 00:00:46]} Bg7 {[%clk 01:00:24]} {[%emt 00:00:10]} 8. h3 {[%clk
00:57:24]} {[%emt 00:01:07]} Nh5 {[%clk 01:00:02]} {[%emt 00:00:37]} 9. Bh2
{[%clk 00:57:23]} {[%emt 00:00:17]} Bxb2 {[%clk 00:59:28]} {[%emt 00:00:48]}
10. Rb1 {[%clk 00:57:16]} {[%emt 00:00:22]} Bg7 {[%clk 00:59:31]} {[%emt
00:00:12]} 11. Ng5 {[%clk 00:55:53]} {[%emt 00:01:39]} Nf6 {[%clk 00:58:59]}
{[%emt 00:00:47]} 12. Ngf3 {[%clk 00:55:11]} {[%emt 00:00:56]} O-O {[%clk
00:58:20]} {[%emt 00:00:55]} 13. O-O {[%clk 00:55:13]} {[%emt 00:00:13]} b6
{[%clk 00:58:15]} {[%emt 00:00:19]} 14. Nb3 {[%clk 00:54:52]} {[%emt 00:00:36]}
Bb7 {[%clk 00:57:35]} {[%emt 00:00:55]} 15. Qc1 {[%clk 00:53:26]} {[%emt
00:01:41]} Nd7 {[%clk 00:55:15]} {[%emt 00:02:34]} 16. Re1 {[%clk 00:52:27]}
{[%emt 00:01:13]} Re8 {[%clk 00:54:58]} {[%emt 00:00:32]} 17. Bf4 {[%clk
00:52:04]} {[%emt 00:00:41]} e5 {[%clk 00:54:47]} {[%emt 00:00:25]} 18. Bh2
{[%clk 00:51:59]} {[%emt 00:00:21]} e4 {[%clk 00:54:24]} {[%emt 00:00:38]} 19.
dxe4 {[%clk 00:51:47]} {[%emt 00:00:28]} dxe4 {[%clk 00:54:17]} {[%emt
00:00:22]} 20. Nfd2 {[%clk 00:51:41]} {[%emt 00:00:20]} Bh6 {[%emt 00:01:01]}
21. Qd1 {[%clk 00:51:29]} {[%emt 00:00:18]} e3 {[%clk 00:52:58]} {[%emt
00:00:58]} 22. fxe3 {[%clk 00:51:13]} {[%emt 00:00:31]} Bxe3+ {[%clk 00:52:54]}
{[%emt 00:00:18]} 23. Kh1 {[%clk 00:51:19]} {[%emt 00:00:10]} Bh6 {[%clk
00:52:15]} {[%emt 00:00:52]} 24. Nc4 {[%clk 00:50:34]} {[%emt 00:01:02]} Nf6
{[%clk 00:51:27]} {[%emt 00:00:58]} 25. Nd6 {[%clk 00:48:56]} {[%emt 00:01:58]}
Re7 {[%clk 00:50:53]} {[%emt 00:00:48]} 26. Bd3 {[%clk 00:48:53]} {[%emt
00:00:19]} Rxe1+ {[%clk 00:50:28]} {[%emt 00:00:39]} 27. Qxe1 {[%clk 00:49:01]}
{[%emt 00:00:07]} Qc7 {[%clk 00:49:40]} {[%emt 00:01:01]} 28. Nf5 {[%clk
00:48:25]} {[%emt 00:00:54]} Bf4 {[%clk 00:47:29]} {[%emt 00:02:24]} 29. Bxf4
{[%clk 00:46:07]} {[%emt 00:02:35]} Qxf4 {[%clk 00:47:02]} {[%emt 00:00:40]}
30. Ne7+ {[%clk 00:45:28]} {[%emt 00:00:55]} Kf8 {[%clk 00:45:11]} {[%emt
00:02:03]} 31. Nxc6 {[%clk 00:44:13]} {[%emt 00:01:34]} Bxc6 {[%clk 00:44:42]}
{[%emt 00:00:42]} 32. Qc3 {[%clk 00:44:08]} {[%emt 00:00:21]} Qd6 {[%clk
00:42:01]} {[%emt 00:02:55]} 33. Rf1 {[%clk 00:44:03]} {[%emt 00:00:22]} Qg3
{[%clk 00:41:18]} {[%emt 00:00:56]} 34. Qxc6 {[%clk 00:43:53]} {[%emt
00:00:27]} Re8 {[%clk 00:41:07]} {[%emt 00:00:25]} 35. Qxf6 {[%clk 00:43:34]}
{[%emt 00:00:36]} Qc7 {[%clk 00:40:32]} {[%emt 00:00:49]} 36. Qh8+ {[%clk
00:43:24]} {[%emt 00:00:26]} Ke7 {[%clk 00:40:22]} {[%emt 00:00:25]} 37. Re1+
{[%emt 00:00:16]} Kd6 {[%clk 00:40:06]} {[%emt 00:00:27]} 38. Qxe8 {[%clk
00:43:25]} {[%emt 00:00:16]} f5 {[%clk 00:40:00]} {[%emt 00:00:19]} 39. Qe6#
{[%clk 00:43:28]} {[%emt 00:00:14]} 1-0